00499nam a2200169Ia 4500003000400000005001700004008004100021020001800062040000600080041001200086082002400098100005100122245005700173260004100230300000800271650005000279OSt20250120113256.0231217s9999 xx 000 0 und d a9788171887675 c0 aEnglish a001.2072 NKC;2 R1 aGovt. of India, National Knowledge Commission. 0aRecommendations of the national knowledge commission c2009bAcademic FoundationaNew Delhi a354 aRecommendations,national,knowledge,commission